Lady Gaga - Chansons commençant par M - Statistiques

Statistiques générales
  • Ce quiz a été pris 9 fois
  • Le résultat moyen est 4 sur 7
Statistiques - réponses
M % Correct
Marry the Night
86%
Monster
86%
MANiCURE
43%
Mary Jane Holland
43%
Money Honey
43%
Million Reasons
29%
Music to My Eyes
29%
Aucun quiz correspondant
Distribution des résultats
% des personnes avec chaque résultat
Percentile par nombre de réponses
Votre historique - résultats
Vous n’avez pas pris ce quiz